000 00522nam a22001937a 4500
003 OSt
005 20140310183017.0
008 130212t xxu||||| |||| 00| 0 eng d
020 _a9719288558
050 _aRD 737
_b.B868 2005
100 _aBuitre, Artemio M.
245 _aOrthopedic nursing manual /
_cartemio M. Buitre Jr., Bebian M. Alparce
260 _aQuezon City :
_bWiseman's Book Trading,
_c2005.
300 _a149 p. :
_c23 cm.
521 _aNUR
562 _e1
942 _2lcc
_cBK
_kLOC
999 _c18319
_d18319